000 00554nam a22002297a 4500
003 UA-OsUOA
001 63242
007 ta
008 20090918b un ||||| |||| 00| 0 ukr d
100 _aЧерняк Е. Б.
090 _a94(0)
_bЧ-49
942 _cBK
040 _aUA-OsUOA
_brus
_cUA-OsUOA
_dUA-OsUOA
245 _aСудебная петля
300 _a605 с.
955 _a2
041 _arus
080 _a94(0)
260 _aМ.
_c1991
650 7 _a9 Географія. Біографії. Історія
_2UDC
999 _c346612
_d346612